| 000 | 04330nam a22004937a 4500 | ||
|---|---|---|---|
| 005 | 20080806125525.0 | ||
| 008 | 080806t xxu||||| |||| 00| 1 eng d | ||
| 010 | _aB-331686-703 | ||
| 020 |
_a9780590494458 _c95.00 |
||
| 020 |
_a0590494457 _c95.00 |
||
| 035 | _aB-331686-703 | ||
| 035 | _aB-358623 | ||
| 037 | _bThe wise owl | ||
| 040 |
_adpl _bEnglish |
||
| 082 | _aS | ||
| 100 | _aStine, R.L. | ||
| 245 |
_aThe ghost next door / _cby R.L. Stine |
||
| 260 |
_bScholastic _c2008 _aNew York |
||
| 270 |
_a550 A, Pace City-II, Sector - 37, _bGurgaon _e122004 _k2212432 |
||
| 300 |
_a124p. _c19cm. (pbk) |
||
| 490 | _aGoosebumps - 10 | ||
| 942 |
_cCH _2ddc _mSTI _hS |
||
| 999 |
_c21242 _d21242 |
||